| 000 | 00437nam a22001697a 4500 | ||
|---|---|---|---|
| 003 | MACL | ||
| 005 | 20160115162303.0 | ||
| 008 | 160115b xxu||||| |||| 00| 0 eng d | ||
| 040 | _cMACL | ||
| 041 | _aEnglish | ||
| 082 | _a891/NAR | ||
| 100 |
_aDr.Prasad,Amar Nath _932684 |
||
| 245 | _aFive Indian English Poets A Critical Assessment | ||
| 260 |
_aKolkata _bIndian Book View _c2008 |
||
| 650 |
_aLiterature _932685 |
||
| 942 |
_2ddc _cBK |
||
| 999 |
_c52504 _d52504 |
||